书目信息 |
| 题名: |
杜甫诗赏读
|
|
| 作者: | 吕明涛 著 | |
| 分册: | ||
| 出版信息: | 北京 线装书局 2007 |
|
| 页数: | 10,201页 | |
| 开本: | 23cm | |
| 丛书名: | 唐宋名家诗词赏读 | |
| 单 册: | ||
| 中图分类: | I207.227.423 , I207.227 | |
| 科图分类: | ||
| 主题词: | 杜诗--鉴赏 , 杜诗 | |
| 电子资源: | ||
| ISBN: | 978-7-80106-455-4 | |
| 000 | 00846oam2 2200265 450 | |
| 001 | 010090003979 | |
| 005 | 20070805180020.92 | |
| 010 | @a978-7-80106-455-4@dCNY20.00,CNY240.00(全12册)@z7-80106-455-0 | |
| 100 | @a20070416d2007 em y0chiy0110 ea | |
| 101 | 0 | @achi |
| 102 | @aCN@b110000 | |
| 105 | @ay z 000yy | |
| 200 | 1 | @a杜甫诗赏读@9du fu shi shang du@f吕明涛著 |
| 210 | @a北京@c线装书局@d2007 | |
| 215 | @a10,201页@d23cm | |
| 225 | 2 | @a唐宋名家诗词赏读 |
| 330 | @a通过对诗词的赏读,可以让读者分享唐宋诗词名家的人生智慧与人生经验。本书是对唐代诗人杜甫的诗的赏读。 | |
| 461 | 0 | @12001 @a唐宋名家诗词赏读@1701 0@a李永田@4主编 |
| 606 | 0 | @a杜诗@x鉴赏 |
| 606 | 0 | @a杜诗 |
| 690 | @aI207.227.423@v4 | |
| 690 | @aI207.227@v3 | |
| 701 | 0 | @a吕明涛@9lu^ ming tao@4著 |
| 801 | 0 | @aCN@bRENTIAN@c20070805 |
| 905 | @a10447@dI207.227@e776 | |
| 杜甫诗赏读/吕明涛著.-北京:线装书局,2007 |
| 10,201页;23cm.-(唐宋名家诗词赏读) |
| ISBN 978-7-80106-455-4:CNY20.00,CNY240.00(全12册) |
| 通过对诗词的赏读,可以让读者分享唐宋诗词名家的人生智慧与人生经验。本书是对唐代诗人杜甫的诗的赏读。 |
| ● |
| 相关链接 |
|
|
|
|
正题名:杜甫诗赏读
索取号:I207.227/776
 
预约/预借
| 序号 | 登录号 | 条形码 | 馆藏地/架位号 | 状态 | 备注 |
| 1 | 0805899 | 208058992 | 第一样本阅览室/ [索取号:I207.227/776] | 在馆 | |
| 2 | 0805900 | 208059009 | 第二借阅区/ [索取号:I207.227/776] | 在馆 | |
| 3 | 0805901 | 208059018 | 第二借阅区/ [索取号:I207.227/776] | 在馆 | |
| 4 | 0805902 | 208059027 | 第二借阅区/ [索取号:I207.227/776] | 在馆 | |
| 5 | 0805903 | 208059036 | 第二借阅区/ [索取号:I207.227/776] | 在馆 | |
| 6 | 0805904 | 208059045 | 第二借阅区/ [索取号:I207.227/776] | 在馆 | |
| 7 | 0805905 | 208059054 | 第二借阅区/ [索取号:I207.227/776] | 在馆 | |
| 8 | 0805906 | 208059063 | 第二借阅区/ [索取号:I207.227/776] | 在馆 | |
| 9 | 0805907 | 208059072 | 第二借阅区/ [索取号:I207.227/776] | 在馆 | |
| 10 | 0805908 | 208059081 | 第二借阅区/ [索取号:I207.227/776] | 在馆 |